000 00824nam a2200253Ia 4500
003 OSt
005 20220918112006.0
006 a|||||r|||| 00| 0
007 ta
008 220915b |||||||| |||| 00| 0 hin d
024 _a36285
037 _cTextbook
040 _bhin
_aARTS
_cARTS
041 _ahin
082 _aO15,2:gxD98,1, L3
100 _aत्रिपाठी, रमाशंकर
245 0 _aदशरूपकम्
246 _aDasharūpakam
260 _aवाराणसी
_bविश्वविधालय प्रकाशन भारत
_c1973
300 _a274पण्
_ccm.
650 _aहिन्दी साहित्य
942 _hO15,2:gxD98,1, L3
_cTB
_2CC
999 _c117752
_d117752